| 000 | 00807nam a2200217Ia 4500 | ||
|---|---|---|---|
| 003 | GCL | ||
| 008 | 140319s9999 xx 000 0 ara d | ||
| 040 |
_aGCL / _cGCL |
||
| 082 | 0 | 4 |
_aط _b703 _bم س |
| 100 | 1 | _aمكتبة لبنان | |
| 245 | 1 | 0 |
_aسلسلة الهوايات : _bالتصويربالكاميرا\تعلم الشطرنج\كرةالقدم\الرسم\التصوير\كيف تصنع راديو ترانزستور\الالكترونيات للهواة / _cمكتبة لبنان |
| 260 |
_aبيروت : _bمكتبة لبنان |
||
| 300 |
_aمتعدد ؛ _c20 سم |
||
| 490 |
_aسلسلة الهوايات _v0 |
||
| 650 | 0 | 4 | _aالراديو |
| 650 | 0 | 4 | _aكرة القدم |
| 650 | 0 | 4 | _aالرسم |
| 650 | 0 | 4 | _aالتصوير |
| 650 | 0 | 4 | _aالالكترونيات |
| 942 |
_2ddc _cBK |
||
| 999 |
_c57233 _d57233 |
||